000 00815nam a2200229Ii 4500
003 JO-AjNU
008 230605s9999||||xx |||||||||||||| ||und||
017 _a2000/8/2433
020 _a9957-8523-0-9
040 _aJO-AjNU
_bara
_erda
_cJO-AjNU
041 _aara
050 1 4 _aK5456.H334.2000
100 3 _a حدادين ، لؤي جميل ,
_eauthor
_923844
245 0 0 _aنظرية البطلان في قانون أصول المحاكمات الجزائية " دراسة مقارنة "
250 _aط1
264 3 1 _aعمان : لؤي جميل حدادين ، 2000
300 _a592ص
_bيشتمل على المراجع ص (551 - 586 )
336 _atext
_btxt
_2rdacontent
337 _aunmediated
_bn
_2rdamedia
338 _avolume
_bnc
_2rdacarrier
650 4 _aالقانون الجنائي
_923845
999 _aA8690
_c12258
_d12258